000 00939cam a22002895i 4500
999 _c28852
_d28823
001 016494189
003 EG-ScBUE
005 20200927131355.0
008 130725t20142014caua f 001 0 eng d
020 _a9780321948533 (pbk.)
020 _a032194853X (pbk.)
040 _aStDuBDS
_beng
_erda
_cStDuBDS
_dUk
_dEG-ScBUE
082 0 4 _a778.719
_bBID
_222
100 1 _aBiderman, Gabriel,
_eauthor.
245 1 0 _aNight photography :
_bfrom snapshots to great shots /
_cGabriel Biderman with Tim Cooper.
264 1 _a[San Francisco, California] :
_bPeachpit Press,
_c[2014]
264 4 _cc2014
300 _axiii, 223 pages :
_billustrations (color) ;
_c24 cm
336 _atext
_btxt
_2rdacontent
337 _aunmediated
_bn
_2rdamedia
338 _avolume
_bnc
_2rdacarrier
500 _aIncludes index.
650 7 _aNight photography.
_2BUEsh
653 _bCOMAME
_cSeptember2020
700 1 _aCooper, Tim,
_eauthor.
942 _2ddc
_cBB